| 000 | 00459nam a2200181Ia 4500 | ||
|---|---|---|---|
| 008 | 220204s9999 xx 000 0 und d | ||
| 082 |
_a579.68 _bROD |
||
| 100 | _aRodina, A G | ||
| 245 | 0 | _aMethods in aquatic microbiology | |
| 260 |
_aLondon _bButterworths _c1972 |
||
| 650 | _aAquatic microbiology | ||
| 650 | _aIron bacteria | ||
| 650 | _aMicroorganisms | ||
| 650 | _aMicroscopy | ||
| 650 | _aNitrogen cycle | ||
| 650 | _aSulfur cycle | ||
| 942 | _cBK | ||
| 999 |
_c22479 _d22479 |
||